| 000 | 00561nam a2200205Ia 4500 | ||
|---|---|---|---|
| 005 | 20250505124925.0 | ||
| 008 | 008 250505s9999 xx 000 0 eng d | ||
| 037 | _aReference | ||
| 040 |
_aLCO _beng _cLCO |
||
| 041 |
_aeng _2eng |
||
| 084 |
_aZ2,5 R3 _qLCO |
||
| 100 | _aRoy, Somnath | ||
| 245 | 0 |
_aCriminal justice administration in India _cSomnath Roy |
|
| 260 |
_aNew Delhi, India _bSatyam law international _c2023 |
||
| 300 | _a545 | ||
| 365 |
_aINR _b1495 |
||
| 650 | _aLaw | ||
| 942 |
_cREF _hZ2,5 R3 |
||
| 999 |
_c1310690 _d1310690 |
||